<?xml version="1.0" encoding="UTF-8"?>
<record
    xmlns:xsi="http://www.w3.org/2001/XMLSchema-instance"
    xsi:schemaLocation="http://www.loc.gov/MARC21/slim http://www.loc.gov/standards/marcxml/schema/MARC21slim.xsd"
    xmlns="http://www.loc.gov/MARC21/slim">

  <leader>00729nam  2200181   4500</leader>
  <controlfield tag="001">6070</controlfield>
  <datafield tag="090" ind1=" " ind2=" ">
    <subfield code="a">6070</subfield>
  </datafield>
  <datafield tag="100" ind1=" " ind2=" ">
    <subfield code="a">20190729k        u||y0frey50      ba</subfield>
  </datafield>
  <datafield tag="101" ind1=" " ind2=" ">
    <subfield code="a">fre</subfield>
  </datafield>
  <datafield tag="200" ind1=" " ind2=" ">
    <subfield code="a">Plutonium, poumons et effets de proximit&#xE9; </subfield>
    <subfield code="b">Brochure</subfield>
    <subfield code="f">Maurice Eug&#xE8;ne Andr&#xE9; </subfield>
    <subfield code="g">Association Internationale pour la Protection contre les Rayonnements Ionisants </subfield>
  </datafield>
  <datafield tag="210" ind1=" " ind2=" ">
    <subfield code="a">Vis&#xE9;, Belgique</subfield>
    <subfield code="c">Maurice Eug&#xE8;ne Andr&#xE9; </subfield>
    <subfield code="d">1996</subfield>
  </datafield>
  <datafield tag="215" ind1=" " ind2=" ">
    <subfield code="a">9 p. et annexes</subfield>
    <subfield code="d">30 cm. </subfield>
  </datafield>
  <datafield tag="300" ind1=" " ind2=" ">
    <subfield code="a">R&#xE9;&#xE9;dition avec annexes suppl&#xE9;mentaires. </subfield>
  </datafield>
  <datafield tag="606" ind1=" " ind2=" ">
    <subfield code="9">648</subfield>
    <subfield code="a">Nucl&#xE9;aire (Energie)</subfield>
  </datafield>
  <datafield tag="606" ind1=" " ind2=" ">
    <subfield code="9">353</subfield>
    <subfield code="a">Sant&#xE9;</subfield>
  </datafield>
  <datafield tag="700" ind1=" " ind2=" ">
    <subfield code="9">6975</subfield>
    <subfield code="a">Maurice Eug&#xE8;ne Andr&#xE9; </subfield>
  </datafield>
  <datafield tag="712" ind1=" " ind2=" ">
    <subfield code="9">6974</subfield>
    <subfield code="a">Association Internationale pour la Protection contre les Rayonnements Ionisants </subfield>
  </datafield>
  <datafield tag="801" ind1=" " ind2=" ">
    <subfield code="a">CH</subfield>
    <subfield code="b">CH-002049-8</subfield>
  </datafield>
  <datafield tag="995" ind1=" " ind2=" ">
    <subfield code="1">0</subfield>
    <subfield code="2">0</subfield>
    <subfield code="3">0</subfield>
    <subfield code="5">2026-06-12</subfield>
    <subfield code="9">7048</subfield>
    <subfield code="b">ARCHIC</subfield>
    <subfield code="c">ARCHIC</subfield>
    <subfield code="e">Brochures</subfield>
    <subfield code="f">7894</subfield>
    <subfield code="h">CAT</subfield>
    <subfield code="k">Broch 2727</subfield>
    <subfield code="o">1</subfield>
  </datafield>
</record>
